| 000 | 01258nam a2200313 a 4500 | ||
|---|---|---|---|
| 001 | ebr5001729 | ||
| 003 | CaPaEBR | ||
| 006 | m u | ||
| 007 | cr cn||||||||| | ||
| 008 | 981022s1999 enk sb 001 0 eng | ||
| 010 | _z 98048327 | ||
| 020 | _z0521582962 | ||
| 020 | _z0521587557 (pbk.) | ||
| 040 |
_aCaPaEBR _cCaPaEBR |
||
| 035 | _a(OCoLC)51028840 | ||
| 050 | 1 | 4 |
_aPN1992.6 _b.S417 1999eb |
| 082 | 0 | 4 |
_a302.23/45 _221 |
| 100 | 1 | _aShanahan, Jim. | |
| 245 | 1 | 0 |
_aTelevision and its viewers _h[electronic resource] : _bcultivation research and theory / _cJames Shanahan and Michael Morgan. |
| 260 |
_aCambridge, UK ; _aNew York, NY, USA : _bCambridge University Press, _c1999. |
||
| 300 | _axiii, 267 p. | ||
| 504 | _aIncludes bibliographical references (p. 251-264) and index. | ||
| 533 |
_aElectronic reproduction. _bPalo Alto, Calif. : _cebrary, _d2013. _nAvailable via World Wide Web. _nAccess may be limited to ebrary affiliated libraries. |
||
| 650 | 0 |
_aTelevision broadcasting _xSocial aspects. |
|
| 655 | 7 |
_aElectronic books. _2local |
|
| 700 | 1 | _aMorgan, Michael. | |
| 710 | 2 | _aebrary, Inc. | |
| 856 | 4 | 0 |
_uhttp://site.ebrary.com/lib/rucke/Doc?id=5001729 _zAn electronic book accessible through the World Wide Web; click to view |
| 999 |
_c16327 _d16327 |
||